Bibel - Johannes 1:1-5 NGÜ - Wortsuche - Statistiken

Allgemein
  • Dieses Quiz wurde 44 mal gespielt
  • Das Durchschnittsergebnis liegt bei 44 aus 65
Antwortstatistiken
Worte % Korrekt
das
97%
das
97%
das
97%
das
97%
das
97%
das
97%
Das
97%
Gott
92%
Gott.
92%
Gott.
92%
war
92%
war
92%
war
92%
war
92%
war
92%
war
92%
Wort;
92%
Wort
92%
Wort
92%
Wort
92%
Anfang
89%
Anfang
89%
und
89%
und
89%
und
89%
Am
86%
am
86%
bei
84%
bei
84%
die
76%
Der,
73%
der
73%
der
73%
der
73%
es
70%
es
70%
ist,
65%
ist
65%
ist.
65%
alles
54%
Durch
51%
In
51%
in
51%
nicht
51%
was
51%
ihn
49%
ihn
49%
Leben,
49%
Leben
49%
Licht
49%
Licht
49%
dieses
41%
hat
41%
Menschen.
41%
ohne
41%
ihm
38%
nichts,
38%
Finsternis
32%
Finsternis
32%
leuchtet
32%
gibt
30%
entstanden;
27%
entstanden
27%
können.
16%
auslöschen
11%
Keine übereinstimmenden Quizze gefunden
Verteilung der Resultate
Anzahl Personen mit jedem Resultat
Perzentil nach korrekt beantworteten Fragen
Ihre Resultats-Entwicklung
Sie haben dieses Quiz noch nicht gespielt